Грани эволюции : (Record no. 233660)
[ view plain ]
| 000 -LEADER | |
|---|---|
| fixed length control field | 01399nam a2200265 u 4500 |
| 001 - CONTROL NUMBER | |
| control field | 000580099 |
| 003 - CONTROL NUMBER IDENTIFIER | |
| control field | AM-YeHGA |
| 005 - DATE AND TIME OF LATEST TRANSACTION | |
| control field | 20250618073423.0 |
| 008 - FIXED-LENGTH DATA ELEMENTS--GENERAL INFORMATION | |
| fixed length control field | 080507s2007 ||| r 000 0 rus d |
| 020 ## - INTERNATIONAL STANDARD BOOK NUMBER | |
| Canceled/invalid ISBN | 978-5-02-026273-7 |
| 040 ## - CATALOGING SOURCE | |
| Original cataloging agency | AM-YeHGA |
| 041 0# - LANGUAGE CODE | |
| Language code of text/sound track or separate title | rus |
| 090 ## - LOCALLY ASSIGNED LC-TYPE CALL NUMBER (OCLC); LOCAL CALL NUMBER (RLIN) | |
| -- | 235220 |
| 100 1# - MAIN ENTRY--PERSONAL NAME | |
| Personal name | Թախտաջյան, Արմեն Լևոնի, |
| Dates associated with a name | 1910-2009 |
| 9 (RLIN) | 3348 |
| 245 10 - TITLE STATEMENT | |
| Title | Грани эволюции : |
| Remainder of title | Статьи по теории эволюции, 1943-2006 гг. / |
| Statement of responsibility, etc. | А.Л. Тахтаджян; Сост. Т.В. Вельгорская; Редкол.: В.Т. Ярмишко (пред.) и др. |
| 260 ## - PUBLICATION, DISTRIBUTION, ETC. | |
| Place of publication, distribution, etc. | Санкт-Петербург : |
| Name of publisher, distributor, etc. | Наука, |
| Date of publication, distribution, etc. | 2007. |
| 300 ## - PHYSICAL DESCRIPTION | |
| Extent | 326 с. : |
| Other physical details | [9] л. ил., портр. |
| 440 #0 - SERIES STATEMENT/ADDED ENTRY--TITLE | |
| Title | Памятники отечественной науки. ХХ век / Рос. акад. наук, Науч. совет Программы фундаментальных исслед. Президиума РАН "Изд. тр. выдающихся ученых" |
| 504 ## - BIBLIOGRAPHY, ETC. NOTE | |
| Bibliography, etc. note | Библиогр.: с. 286-305 и в конце разд. |
| 650 14 - SUBJECT ADDED ENTRY--TOPICAL TERM | |
| Topical term or geographic name entry element | Биология |
| 653 0# - INDEX TERM--UNCONTROLLED | |
| Uncontrolled term | Эволюционное учение |
| 653 0# - INDEX TERM--UNCONTROLLED | |
| Uncontrolled term | Ботаника - Происхождение и эволюция растений (Филогенез) |
| 700 1# - ADDED ENTRY--PERSONAL NAME | |
| Personal name | Вельгорская, Т.В. |
| Relator term | сост. |
| Relationship | com |
| 700 1# - ADDED ENTRY--PERSONAL NAME | |
| Personal name | Ярмишко, В.Т. |
| Relator term | ред. |
| Relationship | edt |
| Withdrawn status | Lost status | Damaged status | Not for loan | Collection | Home library | Current library | Date acquired | Total checkouts | Full call number | Barcode | Date last seen | Price effective from | Koha item type | Public note |
|---|---|---|---|---|---|---|---|---|---|---|---|---|---|---|
| General | Fundamental Scientific Library | Fundamental Scientific Library | 28/12/2016 | PII/653376 | FL0309854 | 28/12/2016 | 28/12/2016 | Գրքեր / Books | 30 Days Loan |
ՀՀ Գիտությունների ազգային ակադեմիայի հիմնարար գիտական գրադարան = Fundamental Scientific Library of NAS RA
All site content, except where otherwise noted, is licensed under a